00515 2200193 4500001002100000005001500021035002000036245007500056100002200131250000600153300003500159700001200194260003900206082001000245084001600255020002200271650001100293990001700304INLIS00000000000118120190516015543 a0010-05190000721 aKebaikan Akhlak dan Budi Pekerti /cRetno Widiyastuti; Editor, Mustain0 aRetno Widiyastuti a- avi, 57 hlm. :bilus. ;c25 cm.0 aMustain aSemarang :bPT sindur Press,c2010 a297.5 a297.5 RET k a978-979-9107-83-1 aAkhlak a04270/P/2018